<?xml version="1.0" encoding="UTF-8"?>
<record
    xmlns:xsi="http://www.w3.org/2001/XMLSchema-instance"
    xsi:schemaLocation="http://www.loc.gov/MARC21/slim http://www.loc.gov/standards/marcxml/schema/MARC21slim.xsd"
    xmlns="http://www.loc.gov/MARC21/slim">

  <leader>03262nam a2200301 a 4500</leader>
  <controlfield tag="003">OSt</controlfield>
  <controlfield tag="005">20251104105455.0</controlfield>
  <controlfield tag="007">cr ||||||a|c|a</controlfield>
  <controlfield tag="008">230525s2019    mx a|||fom||| 001 0 spa d</controlfield>
  <datafield tag="040" ind1=" " ind2=" ">
    <subfield code="e">rda</subfield>
  </datafield>
  <datafield tag="100" ind1="1" ind2=" ">
    <subfield code="9">131845</subfield>
    <subfield code="a">Cruz P&#xE9;rez, Jos&#xE9; Clemente</subfield>
  </datafield>
  <datafield tag="245" ind1="1" ind2="3">
    <subfield code="a">El proceso pol&#xED;tico en el dise&#xF1;o e implementaci&#xF3;n del programa PROCAFE /</subfield>
    <subfield code="c">Jos&#xE9; Clemente Cruz P&#xE9;rez; director de tesis Enrique Genaro Mart&#xED;nez Gonz&#xE1;lez.</subfield>
  </datafield>
  <datafield tag="264" ind1=" " ind2="1">
    <subfield code="a">Chapingo, M&#xE9;xico :</subfield>
    <subfield code="b">El autor,</subfield>
    <subfield code="c">2019.</subfield>
  </datafield>
  <datafield tag="300" ind1=" " ind2=" ">
    <subfield code="a">1 recurso en l&#xED;nea (160 p&#xE1;ginas):</subfield>
    <subfield code="b">figuras y cuadros.</subfield>
  </datafield>
  <datafield tag="336" ind1=" " ind2=" ">
    <subfield code="2">rdacontent</subfield>
    <subfield code="a">texto</subfield>
    <subfield code="b">txt</subfield>
  </datafield>
  <datafield tag="337" ind1=" " ind2=" ">
    <subfield code="2">rdamedia</subfield>
    <subfield code="a">computadora</subfield>
    <subfield code="b">c</subfield>
  </datafield>
  <datafield tag="338" ind1=" " ind2=" ">
    <subfield code="2">rdacarrier</subfield>
    <subfield code="a">recurso en l&#xED;nea</subfield>
    <subfield code="b">cr</subfield>
  </datafield>
  <datafield tag="502" ind1=" " ind2=" ">
    <subfield code="b">MCEA</subfield>
    <subfield code="c">CIESTAAM</subfield>
    <subfield code="d">2019.</subfield>
    <subfield code="g">MAE</subfield>
  </datafield>
  <datafield tag="504" ind1=" " ind2=" ">
    <subfield code="a">Incluye referencias bibliogr&#xE1;ficas: p&#xE1;ginas 136-144.</subfield>
  </datafield>
  <datafield tag="520" ind1=" " ind2=" ">
    <subfield code="a">El objetivo de la investigaci&#xF3;n fue analizar el proceso pol&#xED;tico en el dise&#xF1;o e implementaci&#xF3;n del PROCAFE (2015-2018), utilizando un enfoque de ciclo de pol&#xED;ticas p&#xFA;blicas; con el objetivo de proponer elementos que mejoren el desempe&#xF1;o futuro de este tipo de iniciativas. El ciclo de pol&#xED;ticas p&#xFA;blicas consta de tres etapas: dise&#xF1;o, implementaci&#xF3;n y evaluaci&#xF3;n. El dise&#xF1;o se analiz&#xF3; a partir de la comprensi&#xF3;n del problema y su respectivo complejo causal, as&#xED; como de las alternativas formuladas. La implementaci&#xF3;n se examin&#xF3; mediante la identificaci&#xF3;n de las acciones promovidas por los actores responsables del PROCAFE, considerando las adecuaciones realizadas a trav&#xE9;s del tiempo. Finalmente, en la evaluaci&#xF3;n se discuten los cambios logrados en indicadores relacionados con el objetivo del PROCAFE, como el &#xED;ndice de adopci&#xF3;n de innovaciones (InAI). Se sistematiz&#xF3; y analiz&#xF3; informaci&#xF3;n de distintas fuentes: libros, art&#xED;culos, informes internos y oficiales del PROCAFE. Adem&#xE1;s, se analiz&#xF3; una base de datos con 18,790 unidades de producci&#xF3;n familiar (UPF) as&#xED; como variables que incluyeron sus caracter&#xED;sticas e informaci&#xF3;n de las innovaciones promovidas, del periodo 2015 a 2018 en 14 estados del pa&#xED;s. El problema y complejo causal que origin&#xF3; el dise&#xF1;o del PROCAFE tuvo como narrativa la ca&#xED;da de la producci&#xF3;n por la incidencia de la roya y la deficiente estructura de las plantaciones (con una elevada proporci&#xF3;n de plantas viejas), raz&#xF3;n por la cual la alternativa se orient&#xF3; a brindar servicios de asesor&#xED;a, apoyo en insumos, plantas para renovar los cafetales y combatir la Roya (Hemileia vastatrix). Ello explica que entre las innovaciones con mayor adopci&#xF3;n figure la renovaci&#xF3;n de cafetales con un InAI del 52% en el 2018, seguida por las actividades de rehabilitaci&#xF3;n, manejo productivo (podas) y manejo de sombra. Debido a esta situaci&#xF3;n, el PROCAFE obtuvo resultados limitados en el &#xE1;rea comercial y el acceso a mercados diferenciados.</subfield>
  </datafield>
  <datafield tag="650" ind1=" " ind2="4">
    <subfield code="9">160206</subfield>
    <subfield code="a">Caf&#xE9;</subfield>
    <subfield code="x">Cultivos y medios de cultivo  </subfield>
  </datafield>
  <datafield tag="650" ind1=" " ind2="4">
    <subfield code="9">187193</subfield>
    <subfield code="a">Caf&#xE9;</subfield>
    <subfield code="x">Programas de desarrollo</subfield>
  </datafield>
  <datafield tag="650" ind1=" " ind2="4">
    <subfield code="9">17196</subfield>
    <subfield code="a">Caf&#xE9;</subfield>
    <subfield code="x">Rendimiento</subfield>
  </datafield>
  <datafield tag="650" ind1=" " ind2="4">
    <subfield code="9">160737</subfield>
    <subfield code="a">Caf&#xE9;</subfield>
    <subfield code="x">Tecnolog&#xED;a de procesamiento  </subfield>
  </datafield>
  <datafield tag="700" ind1="1" ind2=" ">
    <subfield code="9">72090</subfield>
    <subfield code="a">Mart&#xED;nez Gonz&#xE1;lez, Enrique Genaro</subfield>
    <subfield code="e">director.</subfield>
  </datafield>
  <datafield tag="856" ind1=" " ind2=" ">
    <subfield code="u">http://10.13.5.2/tesis/tm/Cruz_Perez_Jose_Clemente.pdf</subfield>
    <subfield code="z">DESCARGAR PDF</subfield>
  </datafield>
  <datafield tag="942" ind1=" " ind2=" ">
    <subfield code="2">Clasificaci&#xF3;n Universidad Aut&#xF3;noma Chapingo</subfield>
    <subfield code="c">TD</subfield>
  </datafield>
  <datafield tag="999" ind1=" " ind2=" ">
    <subfield code="c">218835</subfield>
    <subfield code="d">218835</subfield>
  </datafield>
  <datafield tag="952" ind1=" " ind2=" ">
    <subfield code="0">0</subfield>
    <subfield code="1">0</subfield>
    <subfield code="2">local</subfield>
    <subfield code="4">0</subfield>
    <subfield code="5">1</subfield>
    <subfield code="7">0</subfield>
    <subfield code="8">TesDigM</subfield>
    <subfield code="a">BD</subfield>
    <subfield code="b">BD</subfield>
    <subfield code="c">E_L</subfield>
    <subfield code="d">2023-05-25</subfield>
    <subfield code="l">0</subfield>
    <subfield code="o">Tesis digital</subfield>
    <subfield code="r">2023-05-25 00:00:00</subfield>
    <subfield code="w">2023-05-25</subfield>
    <subfield code="y">TD</subfield>
  </datafield>
</record>
